Wiedza ogólna - geografia #7 - Statystyki

Ogólne statystyki
  • Ten quiz został rozwiązany 44 razy
  • Średni wynik to 3 z 5
Statystyki odpowiedzi
Opis Odpowiedź % Poprawnych
Jedyne państwo w języku polskim rozpoczynające się na literę Ł Łotwa
97%
Była stolica Polski na literę P Płock|Poznań
89%
Państwo posiadające najdłuższą linię brzegową na świecie Kanada
77%
Okres czasu na biegunach, w którym cały czas jest ciemno noc polarna
66%
Sytuacja.../Nauka zajmująca się przemijaniem społeczności ludzkiej Demograficzna|Demografia
20%
Nie znaleziono quizów pasujących do podanych kryteriów
Rozkład punktacji
Procent ludzi z każdym wynikiem
Percentyl według liczby udzielonych odpowiedzi
Twoja historia wyników
Nie rozwiązałeś tego quizu